000 00766nab a2200241 u 4500
001 07943
003 HDC
007 cr bn ---aaaaa
008 210129c mydr|nes 0 a may d
040 _aHDC
100 _aSuzalina Halid
_eauthor
_98470
245 0 _aDoktor cendawan/
_cby Suzalina Halid
260 _aKuala Lumpur :
_bBERITA HARIAN,
_c2014
336 _atext
_2rdacontent
337 _acomputer
_2rdamedia
338 _aonline resource
_2rdacarrier
650 _aEntrepreneurs
_951
650 _aFood industry
_9536
856 _zRequest full-text at [email protected]
942 _2lcc
942 _cNEWS
942 _kNWSC 001261
999 _c5266
_d5266